The capital goods scheme and sale of tenanted properties (Record no. 29887)

MARC details
000 -LEADER
fixed length control field 00610cab a2200193 4500
001 - CONTROL NUMBER
control field ABS44480
008 - FIXED-LENGTH DATA ELEMENTS--GENERAL INFORMATION
fixed length control field 090401t1991 xxu||||| |||| 00| 0 eng d
035 ## - SYSTEM CONTROL NUMBER
System control number (Sirsi) u47388
041 ## - LANGUAGE CODE
Language code of text/sound track or separate title eng
100 ## - MAIN ENTRY--PERSONAL NAME
Personal name Lightman, S.
245 #4 - TITLE STATEMENT
Title The capital goods scheme and sale of tenanted properties
260 ## - PUBLICATION, DISTRIBUTION, ETC.
Date of publication, distribution, etc. 1991
350 ## - PRICE (NR) (BK AM CF MU VM SE) [OBSOLETE]
Price 0
490 ## - SERIES STATEMENT
Series statement Solicitors` Journal
Volume/sequential designation 135(7) 22 February 1991, 214-216 (3)
520 ## - SUMMARY, ETC.
Summary, etc. A VAT refresher, looking at capital goods scheme , option to tax on property and the transfer of a business as a going concern .
690 ## - LOCAL SUBJECT ADDED ENTRY--TOPICAL TERM (OCLC, RLIN)
Topical term or geographic name as entry element TAXATION
942 ## - ADDED ENTRY ELEMENTS (KOHA)
Suppress in OPAC 0
948 ## - LOCAL PROCESSING INFORMATION (OCLC); SERIES PART DESIGNATOR (RLIN)
c (OCLC) 04/03/1997
Holdings
Withdrawn status Lost status Source of classification or shelving scheme Damaged status Not for loan Home library Current library Shelving location Date acquired Total Checkouts Full call number Barcode Date last seen Copy number Price effective from Koha item type
    Dewey Decimal Classification     London London Journal article 14/09/1999   ABS44480 47388-1001 06/08/2019 1 06/08/2019 Journal article